[Event "Turkey Cup 2019"]
[Site "Belek"]
[Date "2019.02.03"]
[Round "11.34"]
[White "Cilek, Bora"]
[Black "Isik, Kadri"]
[Result "0-1"]
[WhiteElo "1907"]
[BlackElo "1820"]
[Annotator "NA"]
[PlyCount "65"]
[EventDate "2019.01.27"]
[EventType "swiss"]
[EventCountry "TUR"]
[SourceTitle "playchess.com"]
[Source "ChessBase"]
[SourceQuality "1"]

1. d4 Nf6 2. Bf4 c5 3. e3 Qb6 4. Nc3 cxd4 5. exd4 a6 6. a3 d6 7. Bd3 Nbd7 8. Nge2 e6 9. O-O Be7 10. h3 O-O 11. Be3 Qc7 12. d5 Nb6 13. dxe6 fxe6 14. Nf4 Nc4 15. Bxc4 Qxc4 16. Re1 Bd7 17. Qd3 Qc6 18. Rad1 Rae8 19. Bc1 d5 20. Re2 Bd6 21. Ree1 Kh8 22. Nfe2 Qc7 23. Bg5 Bc5 24. Bh4 Bc8 25. Bg3 Qf7 26. Nd4 Nh5 27. Rd2 Nxg3 28. Qxg3 Qf6 29. Nf3 Bxa3 30. Nxd5 Qxb2 31. c4 Qb3 32. Nc7 Re7 33. Re3 0-1

[Event "Turkey Cup 2019"]
[Site "Belek"]
[Date "2019.02.03"]
[Round "11.35"]
[White "Temel, Burcu Melis"]
[Black "Deniz, Medeni"]
[Result "0-1"]
[WhiteElo "1796"]
[BlackElo "1933"]
[Annotator "NA"]
[PlyCount "74"]
[EventDate "2019.01.27"]
[EventType "swiss"]
[EventCountry "TUR"]
[SourceTitle "playchess.com"]
[Source "ChessBase"]
[SourceQuality "1"]

1. e4 e6 2. d3 d5 3. Nd2 c5 4. Ngf3 Nf6 5. g3 Nc6 6. Bg2 Be7 7. O-O b5 8. c4 O-O 9. e5 Nd7 10. cxd5 exd5 11. Qe2 Nb6 12. d4 c4 13. Rd1 Bf5 14. Nf1 b4 15. h4 h6 16. Ne3 Bg6 17. Bh3 Na4 18. Nf5 Re8 19. Qc2 Nb6 20. Nh2 Bf8 21. Ng4 a5 22. h5 b3 23. axb3 Nb4 24. Qb1 Bxh5 25. Nfxh6+ gxh6 26. Nf6+ Qxf6 27. exf6 Bxd1 28. Qf5 Bc2 29. Qg4+ Bg6 30. f4 Nc2 31. f5 h5 32. Qf4 Re4 33. Qd2 Nxd4 34. Bg2 Bc5 35. Kh2 Re2 36. Qh6 Nxf5 37. Qg5 Bf8 0-1

[Event "Turkey Cup 2019"]
[Site "Belek"]
[Date "2019.02.03"]
[Round "11.36"]
[White "Albayrak, Kerem"]
[Black "Zekeriyaoglu, Ersen"]
[Result "0-1"]
[WhiteElo "1949"]
[BlackElo "1759"]
[Annotator "NA"]
[PlyCount "70"]
[EventDate "2019.01.27"]
[EventType "swiss"]
[EventCountry "TUR"]
[SourceTitle "playchess.com"]
[Source "ChessBase"]
[SourceQuality "1"]

1. d4 Nf6 2. Nf3 e6 3. c4 b6 4. g3 Bb7 5. Bg2 Bb4+ 6. Nbd2 O-O 7. O-O d5 8. Ne5 c5 9. dxc5 Bxc5 10. a3 Qc7 11. Nd3 Nbd7 12. cxd5 Bxd5 13. e4 Bb7 14. Re1 e5 15. b4 Bd4 16. Ra2 Ba6 17. Rc2 Qd6 18. Nc4 Qe6 19. Ne3 Rac8 20. Nf5 Bc3 21. Nc5 Nxc5 22. Rxc3 Rfd8 23. Qc2 Bd3 24. Qb2 Ncxe4 25. Rxc8 Rxc8 26. Ne3 b5 27. f3 Nd6 28. Rd1 e4 29. Qd2 Nc4 30. Nxc4 bxc4 31. fxe4 Nxe4 32. Qf4 Nc3 33. Rd2 Ne2+ 34. Rxe2 Qxe2 35. Be3 Qe1+ 0-1

[Event "Turkey Cup 2019"]
[Site "Belek"]
[Date "2019.02.03"]
[Round "11.37"]
[White "Gozubuyukoglu, Selami"]
[Black "Kirali, Mehmet"]
[Result "0-1"]
[WhiteElo "1821"]
[BlackElo "1890"]
[Annotator "NA"]
[PlyCount "72"]
[EventDate "2019.01.27"]
[EventType "swiss"]
[EventCountry "TUR"]
[SourceTitle "playchess.com"]
[Source "ChessBase"]
[SourceQuality "1"]

1. e4 e5 2. Nf3 Nc6 3. Bb5 Nf6 4. d3 Bc5 5. c3 d6 6. h3 O-O 7. O-O h6 8. Be3 Bb6 9. c4 Ne7 10. Nc3 Be6 11. Ba4 c6 12. Bb3 Ng6 13. Qe2 Nh5 14. Na4 Nhf4 15. Qd2 Bc7 16. Kh2 Qd7 17. Ng1 f5 18. Nc3 Nxg2 19. Bxh6 gxh6 20. Kxg2 Nf4+ 21. Kh2 fxe4 22. dxe4 Kh7 23. Nce2 Nxh3 24. f4 Nxf4 25. Nxf4 exf4 26. Nf3 Qf7 27. Qf2 Bd8 28. Rh1 Rg8 29. Nh4 Qh5 30. Bd1 Bxh4 31. Bxh5 Bxf2 32. Rhd1 Bg4 33. Bxg4 Rxg4 34. Rxd6 Rag8 35. Rd7+ Kh8 36. Rad1 Rh4# 0-1

[Event "Turkey Cup 2019"]
[Site "Belek"]
[Date "2019.02.03"]
[Round "11.38"]
[White "Basaran, Alp"]
[Black "Kilic, Gokturk Kagan"]
[Result "0-1"]
[WhiteElo "1723"]
[BlackElo "2000"]
[Annotator "NA"]
[PlyCount "58"]
[EventDate "2019.01.27"]
[EventType "swiss"]
[EventCountry "TUR"]
[SourceTitle "playchess.com"]
[Source "ChessBase"]
[SourceQuality "1"]

1. e4 c5 2. Nf3 e6 3. c3 Nf6 4. e5 Nd5 5. d4 cxd4 6. cxd4 b6 7. a3 Bb7 8. Bd3 d6 9. O-O Nd7 10. b4 Be7 11. Ra2 O-O 12. Rc2 a6 13. Qe2 b5 14. Nc3 Nxc3 15. Rxc3 dxe5 16. dxe5 Nb6 17. Bxh7+ Kxh7 18. Ng5+ Bxg5 19. Qh5+ Kg8 20. Rh3 f6 21. Qh7+ Kf7 22. Qh5+ Ke7 23. Bxg5 fxg5 24. Qxg5+ Kd7 25. Qxg7+ Qe7 26. Qg6 Rg8 27. Qd3+ Bd5 28. f3 Rg7 29. Qd4 Nc4 0-1

[Event "Turkey Cup 2019"]
[Site "Belek"]
[Date "2019.02.03"]
[Round "11.39"]
[White "Demircin, Kasim"]
[Black "Uysal, Ilyas"]
[Result "0-1"]
[WhiteElo "1878"]
[BlackElo "1718"]
[Annotator "NA"]
[PlyCount "120"]
[EventDate "2019.01.27"]
[EventType "swiss"]
[EventCountry "TUR"]
[SourceTitle "playchess.com"]
[Source "ChessBase"]
[SourceQuality "1"]

1. Nf3 d5 2. g3 Nf6 3. Bg2 Bf5 4. O-O e6 5. d4 Bd6 6. c4 c6 7. Nc3 h6 8. Qb3 b6 9. Nd2 Be7 10. cxd5 exd5 11. Nf3 O-O 12. Ne5 Qc8 13. Re1 Qb7 14. a4 a5 15. Bf4 Bb4 16. Red1 Re8 17. Rac1 Na6 18. f3 Rad8 19. g4 Be6 20. Qc2 Be7 21. Qd2 Nb4 22. h3 Rc8 23. e3 Red8 24. Bf1 Nd7 25. Bd3 Nxe5 26. Bxe5 Nxd3 27. Qxd3 Bd6 28. f4 f6 29. Bxd6 Rxd6 30. f5 Bf7 31. Ne2 Re8 32. Re1 Rb8 33. Nf4 Rd7 34. e4 dxe4 35. Qxe4 Rbd8 36. Ne6 Rc8 37. Rc4 Rd6 38. Rec1 Qd7 39. Re1 Re8 40. Qd3 Bxe6 41. fxe6 Rexe6 42. Rxe6 Qxe6 43. Rc1 c5 44. Qc4 Qxc4 45. Rxc4 Rxd4 46. Rxd4 cxd4 47. Kf2 Kf7 48. Kf3 Ke6 49. Ke4 d3 50. Kxd3 Kd5 51. Kc3 g6 52. b4 f5 53. bxa5 bxa5 54. gxf5 gxf5 55. Kd3 f4 56. Ke2 Ke4 57. Kf2 f3 58. Kf1 Ke3 59. h4 h5 60. Ke1 Kf4 0-1

[Event "Turkey Cup 2019"]
[Site "Belek"]
[Date "2019.02.03"]
[Round "11.40"]
[White "Aysoy, Veysi"]
[Black "Aslanhan, Halis"]
[Result "1-0"]
[WhiteElo "1933"]
[BlackElo "1779"]
[Annotator "NA"]
[PlyCount "43"]
[EventDate "2019.01.27"]
[EventType "swiss"]
[EventCountry "TUR"]
[SourceTitle "playchess.com"]
[Source "ChessBase"]
[SourceQuality "1"]

1. c4 g6 2. Nc3 Bg7 3. d4 d6 4. Nf3 Nf6 5. e4 O-O 6. Be2 Nc6 7. Bg5 e5 8. d5 Ne7 9. Nd2 h6 10. Be3 Ne8 11. f4 f5 12. fxe5 dxe5 13. Qb3 f4 14. Bc5 Nd6 15. Ba3 Bd7 16. c5 Nf7 17. O-O-O b6 18. c6 Be8 19. Nc4 Nd6 20. Nxd6 cxd6 21. Ba6 Qc7 22. Nb5 1-0

[Event "Turkey Cup 2019"]
[Site "Belek"]
[Date "2019.02.03"]
[Round "11.41"]
[White "Camdereli, Gunduz"]
[Black "Ozveren, Ali Bulent"]
[Result "0-1"]
[WhiteElo "1724"]
[BlackElo "1906"]
[Annotator "NA"]
[PlyCount "52"]
[EventDate "2019.01.27"]
[EventType "swiss"]
[EventCountry "TUR"]
[SourceTitle "playchess.com"]
[Source "ChessBase"]
[SourceQuality "1"]

1. e4 d6 2. d4 Nf6 3. Nc3 e5 4. Nf3 Nbd7 5. Bc4 Be7 6. O-O O-O 7. Qe2 c6 8. a4 Qc7 9. a5 h6 10. h3 Re8 11. Bxf7+ Kxf7 12. Qc4+ Kg6 13. Nh4+ Kh7 14. Qf7 Nf8 15. Bxh6 Kxh6 16. dxe5 dxe5 17. Ra4 Bd6 18. Qb3 Be6 19. Nd5 cxd5 20. exd5 Nxd5 21. Nf5+ Bxf5 22. Qxd5 Ng6 23. Qd2+ Kh7 24. Qg5 Qf7 25. Rd1 Be7 26. Qh5+ Kg8 0-1

[Event "Turkey Cup 2019"]
[Site "Belek"]
[Date "2019.02.03"]
[Round "11.42"]
[White "Atas, Yunus"]
[Black "Aydogdu, Cagatay"]
[Result "1-0"]
[WhiteElo "1872"]
[BlackElo "1727"]
[Annotator "NA"]
[PlyCount "97"]
[EventDate "2019.01.27"]
[EventType "swiss"]
[EventCountry "TUR"]
[SourceTitle "playchess.com"]
[Source "ChessBase"]
[SourceQuality "1"]

1. b3 d5 2. Bb2 Nc6 3. Nf3 Nf6 4. e3 Bg4 5. d4 e6 6. Be2 Be7 7. O-O h5 8. c4 Bxf3 9. Bxf3 g5 10. Nd2 Qd7 11. Rc1 g4 12. Be2 O-O-O 13. cxd5 exd5 14. Bb5 Kb8 15. Bxc6 bxc6 16. Qc2 Kb7 17. b4 Ra8 18. Qa4 Rhb8 19. Nb3 Kc8 20. a3 Rb6 21. Rc2 Ne4 22. Na5 Bd6 23. Nxc6 a6 24. Rfc1 h4 25. Qb3 g3 26. Qxd5 gxh2+ 27. Kh1 Qe6 28. Ne7+ Kb8 29. Qxe6 fxe6 30. Ng6 a5 31. Ne5 Bxe5 32. dxe5 axb4 33. Bd4 c5 34. axb4 Rxb4 35. Bxc5 Nxc5 36. Rxc5 Ra2 37. R5c2 Rbb2 38. Rxb2+ Rxb2 39. Rf1 Kb7 40. Kxh2 Kc6 41. Kh3 Rb4 42. Rd1 Rb2 43. Rd6+ Kc5 44. f3 Re2 45. e4 Ra2 46. Rxe6 Kd4 47. Re8 Ke3 48. e6 Ra7 49. e7 1-0

[Event "Turkey Cup 2019"]
[Site "Belek"]
[Date "2019.02.03"]
[Round "11.43"]
[White "Degirmenci, Yagiz"]
[Black "Cakmak, Sarven"]
[Result "1-0"]
[WhiteElo "1872"]
[BlackElo "1780"]
[Annotator "NA"]
[PlyCount "145"]
[EventDate "2019.01.27"]
[EventType "swiss"]
[EventCountry "TUR"]
[SourceTitle "playchess.com"]
[Source "ChessBase"]
[SourceQuality "1"]

1. d4 d5 2. Nf3 Nf6 3. e3 Bf5 4. c4 c6 5. Nc3 e6 6. Be2 h6 7. O-O Nbd7 8. Bd3 Bxd3 9. Qxd3 Be7 10. b3 O-O 11. Bb2 Re8 12. Rfd1 Bb4 13. a3 Bxc3 14. Bxc3 Ne4 15. Nd2 Nxc3 16. Qxc3 Qc7 17. Rac1 Rac8 18. b4 a6 19. Rc2 dxc4 20. Nxc4 Nb6 21. Ne5 Nd7 22. Nd3 Qb8 23. Rdc1 Rcd8 24. f4 Nb6 25. Nc5 Kh8 26. Qb3 Nd7 27. Nd3 Qd6 28. Nc5 Qb8 29. Ne4 Nb6 30. Rf2 Rd5 31. Rf3 Qc7 32. Rcf1 Nc8 33. Ng3 Ne7 34. Qb2 Red8 35. Ne4 a5 36. Nc3 R5d7 37. g4 axb4 38. axb4 Qb6 39. Rh3 Nd5 40. Nxd5 cxd5 41. g5 Rc8 42. gxh6 g6 43. Rg3 Rc4 44. Rb1 Rdc7 45. Rg2 Qb5 46. Re2 Kh7 47. Kf2 Kxh6 48. Kf3 Rc8 49. h4 Qa4 50. Qa2 Qxa2 51. Rxa2 Rc2 52. Rba1 Rxa2 53. Rxa2 Rc4 54. Rb2 b5 55. Rb1 Kh5 56. Ra1 Kh6 57. Rb1 Rc2 58. Rb3 Rc4 59. Rb2 Rc1 60. Kg4 Rg1+ 61. Kf3 Rc1 62. Kg4 Rg1+ 63. Kf3 Rc1 64. Ke2 Rh1 65. Kd3 Rc1 66. Kd2 Rc4 67. Ke2 Kh5 68. Kf3 Kh6 69. Ke2 Kh5 70. Ra2 Rxb4 71. Ra7 Kxh4 72. Kf3 Rc4 73. Rxf7 1-0

[Event "Turkey Cup 2019"]
[Site "Belek"]
[Date "2019.02.03"]
[Round "11.44"]
[White "Yanikoglu, Omer"]
[Black "Oztekin, Kerem Can"]
[Result "0-1"]
[WhiteElo "1664"]
[BlackElo "1940"]
[Annotator "NA"]
[PlyCount "56"]
[EventDate "2019.01.27"]
[EventType "swiss"]
[EventCountry "TUR"]
[SourceTitle "playchess.com"]
[Source "ChessBase"]
[SourceQuality "1"]

1. Nf3 c5 2. b3 Nc6 3. Bb2 d5 4. e3 Nf6 5. d4 g6 6. Nbd2 Bg7 7. Be2 O-O 8. O-O cxd4 9. exd4 Ne4 10. c3 Qc7 11. Nxe4 dxe4 12. Ng5 Bf5 13. g4 h6 14. gxf5 hxg5 15. fxg6 fxg6 16. Bc4+ Kh7 17. Qg4 Rf4 18. Qg3 e5 19. d5 Ne7 20. Qh3+ Rh4 21. Qe6 Nf5 22. d6 Nxd6 23. Rad1 Nxc4 24. bxc4 Rd8 25. Rd5 Qxc4 26. Rfd1 Rxd5 27. Qxd5 Qe2 28. Qd2 Rg4+ 0-1

[Event "Turkey Cup 2019"]
[Site "Belek"]
[Date "2019.02.03"]
[Round "11.45"]
[White "Vursan, Emre Can"]
[Black "Akbas, Umut Ata"]
[Result "0-1"]
[WhiteElo "1678"]
[BlackElo "1939"]
[Annotator "NA"]
[PlyCount "126"]
[EventDate "2019.01.27"]
[EventType "swiss"]
[EventCountry "TUR"]
[SourceTitle "playchess.com"]
[Source "ChessBase"]
[SourceQuality "1"]

1. e4 c5 2. Nf3 d6 3. d4 cxd4 4. Qxd4 a6 5. c4 Nc6 6. Qe3 g6 7. h3 Bg7 8. Be2 Nf6 9. O-O O-O 10. Bd2 Bd7 11. Bc3 Rc8 12. Rd1 Qc7 13. Nbd2 b6 14. Nf1 Qb7 15. Qd3 Na5 16. Ne3 Be6 17. Nd5 Nxc4 18. Nxf6+ exf6 19. b3 Ne5 20. Nxe5 dxe5 21. Bb4 Rfe8 22. f3 b5 23. Be1 Bh6 24. Bh4 Kg7 25. Bf2 Rc6 26. Be3 Bxe3+ 27. Qxe3 Rec8 28. Rac1 Qc7 29. Rxc6 Qxc6 30. Qd2 Qc2 31. Kf1 Rc6 32. Bd3 Qc5 33. Qf2 Qa3 34. Qd2 Rd6 35. Qc2 Rd4 36. Be2 Qd6 37. Ke1 f5 38. Qc3 fxe4 39. fxe4 Rxd1+ 40. Bxd1 Qd4 41. Qxd4 exd4 42. e5 b4 43. Kd2 Bf5 44. Be2 a5 45. Bd3 Bd7 46. Bc4 Bc6 47. g4 Be4 48. Bd3 Bg2 49. h4 f6 50. e6 Kf8 51. Bc2 Bh3 52. Bd1 Bf1 53. Bf3 Ke7 54. Bd5 Bh3 55. h5 Bxg4 56. h6 Bxe6 57. Be4 f5 58. Bc2 Kd6 59. Ke2 Ke5 60. Kf3 Bd5+ 61. Kg3 Be4 62. Bd1 d3 63. Kh4 Kf4 0-1

[Event "Turkey Cup 2019"]
[Site "Belek"]
[Date "2019.02.03"]
[Round "11.46"]
[White "Eldemir, Goksu"]
[Black "Yucesoy, Atil"]
[Result "1/2-1/2"]
[WhiteElo "1876"]
[BlackElo "1685"]
[Annotator "NA"]
[PlyCount "53"]
[EventDate "2019.01.27"]
[EventType "swiss"]
[EventCountry "TUR"]
[SourceTitle "playchess.com"]
[Source "ChessBase"]
[SourceQuality "1"]

1. e4 c6 2. d4 d5 3. Nc3 dxe4 4. Nxe4 Nd7 5. Nf3 Ngf6 6. Nxf6+ Nxf6 7. Be2 Bf5 8. O-O e6 9. c4 Be7 10. Bf4 Qb6 11. Qb3 Qxb3 12. axb3 O-O 13. Bd2 c5 14. dxc5 Bxc5 15. b4 Be7 16. Bc3 Ne4 17. Nd4 Nxc3 18. bxc3 Bg6 19. Bf3 e5 20. Rfe1 exd4 21. Rxe7 dxc3 22. Bxb7 Rad8 23. Bd5 c2 24. Rexa7 Be4 25. R7a5 Bxd5 26. Rxd5 Rc8 27. Rc1 1/2-1/2

[Event "Turkey Cup 2019"]
[Site "Belek"]
[Date "2019.02.03"]
[Round "11.47"]
[White "Sade, Defne"]
[Black "Ozkurt, Kutay"]
[Result "1/2-1/2"]
[WhiteElo "1952"]
[BlackElo "1586"]
[Annotator "NA"]
[PlyCount "79"]
[EventDate "2019.01.27"]
[EventType "swiss"]
[EventCountry "TUR"]
[SourceTitle "playchess.com"]
[Source "ChessBase"]
[SourceQuality "1"]

1. e4 c5 2. Nf3 Nc6 3. Bb5 d6 4. O-O g6 5. Re1 Bg7 6. c3 a6 7. Bc4 e5 8. h3 Nge7 9. a4 Rb8 10. d3 O-O 11. Be3 Kh8 12. d4 cxd4 13. cxd4 exd4 14. Nxd4 d5 15. exd5 Nxd5 16. Nxc6 bxc6 17. Bd4 Qg5 18. Bxg7+ Kxg7 19. Qd4+ Kg8 20. h4 Qf6 21. Qxf6 Nxf6 22. b3 Bf5 23. Nd2 Rfd8 24. Nf3 Bd3 25. Ne5 Bxc4 26. bxc4 Rdc8 27. Rab1 c5 28. Red1 Rb4 29. a5 Ne4 30. Rxb4 cxb4 31. Rb1 Rc5 32. Nd3 Rxc4 33. Rxb4 Rxb4 34. Nxb4 Nc5 35. Kf1 Kf8 36. Ke2 Ke7 37. Ke3 Nb3 38. Nxa6 Nxa5 39. Kf4 Kf6 40. Ke4 1/2-1/2

[Event "Turkey Cup 2019"]
[Site "Belek"]
[Date "2019.02.03"]
[Round "11.48"]
[White "Atik, Muhammed Ihsan"]
[Black "Gonullu, Muhammed Sinan"]
[Result "1/2-1/2"]
[WhiteElo "1464"]
[BlackElo "1815"]
[Annotator "NA"]
[PlyCount "93"]
[EventDate "2019.01.27"]
[EventType "swiss"]
[EventCountry "TUR"]
[SourceTitle "playchess.com"]
[Source "ChessBase"]
[SourceQuality "1"]

1. d4 Nf6 2. Nf3 c5 3. c3 e6 4. g3 Be7 5. Bg2 O-O 6. O-O Nc6 7. Re1 d5 8. Bf4 Nh5 9. e3 Nxf4 10. exf4 cxd4 11. cxd4 Qb6 12. Re2 Bf6 13. Rd2 Na5 14. Re2 Bd7 15. Nc3 Rfc8 16. Ne5 Bxe5 17. fxe5 Rc4 18. Rd2 Rac8 19. Rb1 a6 20. Bf1 R4c7 21. Bd3 Nc4 22. Rc2 g6 23. Qg4 Qb4 24. Qf4 b5 25. h4 Qe7 26. Rbc1 Be8 27. Nd1 Rc6 28. f3 Na5 29. Ne3 h5 30. b3 Rxc2 31. Nxc2 Kg7 32. Kf2 f5 33. Rh1 Bf7 34. Ke1 Rh8 35. Kd1 Nc6 36. Rh2 Rc8 37. g4 Rh8 38. gxf5 exf5 39. Rg2 Kf8 40. Re2 Nd8 41. Qg3 Ne6 42. f4 Qa7 43. Qe3 Qe7 44. Rh2 Kg7 45. Qg3 Kf8 46. Qf2 Kg7 47. Rg2 1/2-1/2

[Event "Turkey Cup 2019"]
[Site "Belek"]
[Date "2019.02.03"]
[Round "11.49"]
[White "Sahin, Fehim"]
[Black "Kul, Ozdemir Efe"]
[Result "0-1"]
[WhiteElo "1555"]
[BlackElo "1998"]
[Annotator "NA"]
[PlyCount "52"]
[EventDate "2019.01.27"]
[EventType "swiss"]
[EventCountry "TUR"]
[SourceTitle "playchess.com"]
[Source "ChessBase"]
[SourceQuality "1"]

1. d4 Nf6 2. Bf4 g6 3. e3 Bg7 4. Bd3 d6 5. Ne2 Nc6 6. c3 a6 7. Nd2 O-O 8. Qc2 e5 9. dxe5 dxe5 10. Bg5 h6 11. Bxf6 Qxf6 12. Ne4 Qe7 13. O-O-O Be6 14. Kb1 f5 15. N2g3 fxe4 16. Bxe4 Qf7 17. Bxg6 Qxf2 18. Qe4 Qf6 19. Nh5 Qe7 20. g4 Rad8 21. h4 Rd6 22. g5 Bxa2+ 23. Ka1 Rxd1+ 24. Rxd1 Bb3 25. gxh6 Bxh6 26. Rg1 Kh8 0-1

[Event "Turkey Cup 2019"]
[Site "Belek"]
[Date "2019.02.03"]
[Round "11.50"]
[White "Yelligedik, Murat"]
[Black "Kiraz, Yigit"]
[Result "1-0"]
[WhiteElo "2055"]
[BlackElo "1673"]
[Annotator "NA"]
[PlyCount "113"]
[EventDate "2019.01.27"]
[EventType "swiss"]
[EventCountry "TUR"]
[SourceTitle "playchess.com"]
[Source "ChessBase"]
[SourceQuality "1"]

1. e4 c5 2. Nf3 d6 3. d4 cxd4 4. Nxd4 Nf6 5. Nc3 g6 6. Be3 Bg7 7. f3 Nc6 8. Qd2 O-O 9. Bc4 Bd7 10. O-O-O Qa5 11. Bb3 Rfc8 12. Kb1 Ne5 13. Bg5 Nc4 14. Bxc4 Rxc4 15. Nb3 Qa6 16. Bxf6 Bxf6 17. Nd5 Rac8 18. Nxf6+ exf6 19. Qxd6 Qxd6 20. Rxd6 Ba4 21. c3 Bxb3 22. axb3 R4c7 23. Rhd1 Kg7 24. Kc2 h5 25. b4 Rc4 26. R1d4 Rxd4 27. Rxd4 Rc7 28. Kd3 Kh6 29. Rd5 h4 30. h3 a6 31. c4 g5 32. b5 axb5 33. Rxb5 Kg7 34. Rd5 Rc6 35. b4 b6 36. b5 Rc8 37. Rd6 Rb8 38. Kd4 Kf8 39. Rxf6 Rd8+ 40. Kc3 Ke7 41. Rxb6 Rd1 42. Rb7+ Kd6 43. Rxf7 Rg1 44. Rf6+ Kc7 45. c5 Rxg2 46. Rf7+ Kc8 47. b6 Rg1 48. Kc4 Rc1+ 49. Kd5 g4 50. fxg4 Rd1+ 51. Kc6 Rd8 52. g5 Rg8 53. Rf5 Rg6+ 54. Kb5 Rg8 55. c6 Re8 56. e5 Rg8 57. g6 1-0

[Event "Turkey Cup 2019"]
[Site "Belek"]
[Date "2019.02.03"]
[Round "11.51"]
[White "Ekinci, Berkay"]
[Black "Dogdu, Mehmet"]
[Result "1/2-1/2"]
[WhiteElo "1688"]
[BlackElo "1940"]
[Annotator "NA"]
[PlyCount "82"]
[EventDate "2019.01.27"]
[EventType "swiss"]
[EventCountry "TUR"]
[SourceTitle "playchess.com"]
[Source "ChessBase"]
[SourceQuality "1"]

1. d4 Nf6 2. c4 e6 3. Nc3 Bb4 4. a3 Bxc3+ 5. bxc3 b6 6. e4 Nxe4 7. Qg4 Bb7 8. Qxg7 Qf6 9. Qxf6 Nxf6 10. f3 d6 11. Kf2 Nc6 12. Bd3 h6 13. Ne2 O-O-O 14. Ng3 Na5 15. Ne4 Nxe4+ 16. fxe4 Ba6 17. Ke2 Bxc4 18. Rf1 Rdg8 19. g3 Rg7 20. Bxc4 Nxc4 21. Kd3 Na5 22. Rf6 h5 23. Bf4 Nc6 24. Rf1 Ne7 25. Bh6 Rgg8 26. Rxf7 Nc6 27. Bg7 Rh7 28. Rf8+ Rxf8 29. Rxf8+ Kd7 30. Bf6 Ne7 31. h4 b5 32. Ra8 Nc8 33. Rb8 Rf7 34. e5 a6 35. Ra8 Rf8 36. Ke3 Kc6 37. Rb8 a5 38. Kf4 Rg8 39. Bg5 Rf8+ 40. Bf6 Rg8 41. Bg5 Rf8+ 1/2-1/2

[Event "Turkey Cup 2019"]
[Site "Belek"]
[Date "2019.02.03"]
[Round "11.52"]
[White "Acar, Ozgur"]
[Black "Gazioglu, Halit"]
[Result "0-1"]
[WhiteElo "1798"]
[BlackElo "1909"]
[Annotator "NA"]
[PlyCount "68"]
[EventDate "2019.01.27"]
[EventType "swiss"]
[EventCountry "TUR"]
[SourceTitle "playchess.com"]
[Source "ChessBase"]
[SourceQuality "1"]

1. d4 Nf6 2. c4 e6 3. a3 c5 4. d5 exd5 5. cxd5 d6 6. Nc3 g6 7. e4 Bg7 8. Bd3 O-O 9. Nge2 a6 10. a4 Re8 11. O-O Nbd7 12. f4 Rb8 13. Qc2 Qc7 14. b3 b5 15. axb5 axb5 16. Nxb5 Qb6 17. Nec3 c4+ 18. Kh1 cxd3 19. Qxd3 Ba6 20. Rxa6 Qxa6 21. Be3 Ng4 22. Bd2 Bxc3 23. Bxc3 Qxb5 24. Qf3 Ngf6 25. f5 g5 26. h4 g4 27. Qf4 Re5 28. Qg5+ Kf8 29. Rf4 Qxb3 30. Bxe5 dxe5 31. Rf1 Qd3 32. Rc1 Rb1 33. Rxb1 Qxb1+ 34. Kh2 Qxe4 0-1

[Event "Turkey Cup 2019"]
[Site "Belek"]
[Date "2019.02.03"]
[Round "11.53"]
[White "Hatipli, Mehmet"]
[Black "Arslanargun, Zana"]
[Result "1-0"]
[WhiteElo "1888"]
[BlackElo "1773"]
[Annotator "NA"]
[PlyCount "97"]
[EventDate "2019.01.27"]
[EventType "swiss"]
[EventCountry "TUR"]
[SourceTitle "playchess.com"]
[Source "ChessBase"]
[SourceQuality "1"]

1. e4 c5 2. Nf3 Nc6 3. Bb5 e6 4. O-O d5 5. exd5 exd5 6. Re1+ Be7 7. d4 cxd4 8. Bg5 f6 9. Bf4 Kf7 10. Nxd4 Bc5 11. Nxc6 bxc6 12. Bxc6 Bxf2+ 13. Kh1 Be6 14. Rxe6 Kxe6 15. Qe2+ Kf7 16. Qxf2 Rc8 17. Bb7 Ne7 18. Bxc8 Qxc8 19. Nc3 Qb7 20. Re1 Rd8 21. Qe2 Qd7 22. h3 Nf5 23. Qd3 g6 24. Qb5 Qxb5 25. Nxb5 a6 26. Nc7 g5 27. Bh2 h5 28. Nxa6 g4 29. Bf4 gxh3 30. gxh3 Nd4 31. Nb4 Rg8 32. c3 Nf3 33. Rf1 Nh4 34. Be5 f5 35. Nxd5 Ke6 36. Bf6 Kxd5 37. Bxh4 Ke4 38. Rg1 Rb8 39. Rg2 f4 40. Re2+ Kf3 41. Rf2+ Ke3 42. Kg2 Rg8+ 43. Kf1 f3 44. b4 Rg7 45. a4 Rd7 46. Bg5+ Ke4 47. Rd2 Rc7 48. Rd4+ Kf5 49. Bd2 1-0

[Event "Turkey Cup 2019"]
[Site "Belek"]
[Date "2019.02.03"]
[Round "11.54"]
[White "Iyiol, Mehmet"]
[Black "Hasanoglu, Hakan"]
[Result "1-0"]
[WhiteElo "1892"]
[BlackElo "1646"]
[Annotator "NA"]
[PlyCount "47"]
[EventDate "2019.01.27"]
[EventType "swiss"]
[EventCountry "TUR"]
[SourceTitle "playchess.com"]
[Source "ChessBase"]
[SourceQuality "1"]

1. e4 c5 2. Nc3 d6 3. f4 g6 4. Nf3 Bg7 5. Bc4 e6 6. O-O Ne7 7. d3 Nbc6 8. Qe1 O-O 9. Qh4 Nd4 10. Nxd4 Bxd4+ 11. Kh1 Nc6 12. Qg3 Bg7 13. f5 exf5 14. exf5 Bxf5 15. Rxf5 gxf5 16. Bg5 f4 17. Qh4 Qd7 18. Nd5 Qf5 19. Rf1 b5 20. Rxf4 Qe5 21. Nf6+ Bxf6 22. Bxf6 Qxf4 23. Qxf4 Rfc8 24. Qh6 1-0

[Event "Turkey Cup 2019"]
[Site "Belek"]
[Date "2019.02.03"]
[Round "11.55"]
[White "Hereklioglu, Sude"]
[Black "Kurt, Emre"]
[Result "1-0"]
[WhiteElo "1951"]
[BlackElo "1677"]
[Annotator "NA"]
[PlyCount "109"]
[EventDate "2019.01.27"]
[EventType "swiss"]
[EventCountry "TUR"]
[SourceTitle "playchess.com"]
[Source "ChessBase"]
[SourceQuality "1"]

1. d4 d5 2. Nf3 Nf6 3. Bf4 e6 4. e3 c5 5. c3 Nc6 6. Bd3 Bd6 7. Bg3 cxd4 8. exd4 h6 9. Nbd2 Bxg3 10. hxg3 Qd6 11. Qe2 b6 12. Ne5 Nd7 13. f4 Ncxe5 14. fxe5 Qe7 15. Nf3 Bb7 16. g4 Bc6 17. g5 O-O-O 18. gxh6 Rxh6 19. Rxh6 gxh6 20. O-O-O Rg8 21. Rh1 Qf8 22. Qd2 Kd8 23. Ne1 Rg5 24. Qf4 Qg7 25. Qh4 f6 26. exf6 Qxf6 27. Qxh6 Qxh6 28. Rxh6 Ke7 29. Rg6 Rxg6 30. Bxg6 Kf6 31. Bh5 e5 32. dxe5+ Nxe5 33. Be2 Ng6 34. Kd2 Ne7 35. Nf3 Bd7 36. Ke3 Bg4 37. Nd4 Bxe2 38. Kxe2 Ke5 39. Ke3 a6 40. g4 Kf6 41. Nf3 Nc6 42. Kf4 Na5 43. g5+ Kg7 44. Ne5 b5 45. Kf5 Nb7 46. Nd3 Nd6+ 47. Kg4 a5 48. Nf4 Nc4 49. b3 Ne3+ 50. Kh5 b4 51. cxb4 axb4 52. g6 Kf6 53. Nd3 Nf5 54. Nxb4 Ne7 55. a4 1-0

[Event "Turkey Cup 2019"]
[Site "Belek"]
[Date "2019.02.03"]
[Round "11.56"]
[White "Tolon, Adman Devran"]
[Black "Demirtas, Hafize"]
[Result "1-0"]
[WhiteElo "1761"]
[BlackElo "1929"]
[Annotator "NA"]
[PlyCount "93"]
[EventDate "2019.01.27"]
[EventType "swiss"]
[EventCountry "TUR"]
[SourceTitle "playchess.com"]
[Source "ChessBase"]
[SourceQuality "1"]

1. d4 Nf6 2. c4 e6 3. g3 Bb4+ 4. Bd2 Qe7 5. Bg2 Nc6 6. Nf3 Ne4 7. a3 Bxd2+ 8. Nbxd2 d5 9. Rc1 O-O 10. O-O a5 11. Nxe4 dxe4 12. Ne5 Qd6 13. Nxc6 Qxc6 14. d5 Qb6 15. c5 Qxb2 16. d6 cxd6 17. cxd6 Rd8 18. Qa4 f5 19. Rc2 Qe5 20. Rd2 Bd7 21. Qb3 Bc6 22. Rfd1 Kf8 23. f4 Qc5+ 24. Kh1 Bd5 25. Rxd5 exd5 26. Rxd5 a4 27. Qd1 Qe3 28. Rxf5+ Kg8 29. Qd5+ Kh8 30. Bxe4 Qxe2 31. Bd3 Qd1+ 32. Kg2 Qb3 33. Qe4 Qg8 34. Rh5 g6 35. Rb5 Rd7 36. f5 gxf5 37. Rxf5 Re8 38. Re5 Rf8 39. Rh5 Qa2+ 40. Kh3 Qf7 41. Qe5+ Qf6 42. Qe4 Qf7 43. Rh6 Qg7 44. Qh4 Rfd8 45. Bxh7 Rxd6 46. Rh5 Qd7+ 47. Bf5+ 1-0